Every Song by Underoath - Statistics

General Stats
  • This quiz has been taken 7 times
    3 since last reset
  • The average score is 6 of 107
Answer Stats
Album Song % Correct
Act of Depression(1999) Act of Depression
100%
Cries of the Past(2000) Cries of the Past
100%
Cries of the Past(2000) The Last
100%
They're Only Chasing Safety(2004) A Boy Brushed Red Living in Black and White
50%
Voyeurist(2022) Hallelujah
50%
They're Only Chasing Safety(2004) It's Dangerous Business Walking Out Your Front Door
50%
They're Only Chasing Safety(2004) Reinventing Your Exit
50%
The Changing of Times(2002) The Changing of Times
50%
Define the Great Line(2006) Writing on the Walls
50%
The Changing of Times(2002) 814 Stops Today
0%
Ø (Disambiguation)(2010) A Divine Eradication
0%
Lost in the Sound of Separation(2008) A Fault Line, a Fault of Mine
0%
The Place After This One(2025) All the Love is Gone
0%
The Changing of Times(2002) Alone in December
0%
Act of Depression(1999) A Love So Pure
0%
The Changing of Times(2002) A Message for Adrienne
0%
Define the Great Line(2006) A Moment Suspended in Time
0%
Cries of the Past(2000) And I Dreamt of You
0%
The Place After This One(2025) And Then There Was Nothing
0%
The Changing of Times(2002) Angel Below
0%
Erase Me(Bonus)(2018) Another Life
0%
Lost in the Sound of Separation(2008) Anyone Can Dig a Hole But It Takes a Real Man to Call It Home
0%
Erase Me(2018) Bloodlust
0%
Lost in the Sound of Separation(2008) Breathing in a New Mentality
0%
Act of Depression(1999) Burden in Your Hands
0%
The Place After This One(2025) Cannibal
0%
Define the Great Line(2006) Casting Such a Thin Shadow
0%
Ø (Disambiguation)(2010) Catch Myself Catching Myself
0%
Lost in the Sound of Separation(2008) Coming Down is Calming Down
0%
Voyeurist(2022) Cycle
0%
Voyeurist(2022) Damn Excuses
0%
Lost in the Sound of Separation(2008) Desolate Earth :: The End is Here
0%
Lost in the Sound of Separation(2008) Desperate Times Desperate Measures
0%
The Place After This One(2025) Devil
0%
They're Only Chasing Safety(2004) Down, Set, Go
0%
Ø (Disambiguation)(2010) Driftwood
0%
Lost in the Sound of Separation(2008) Emergency Broadcast :: The End is Near
0%
Define the Great Line(2006) Everyone Looks So Good from Here
0%
The Place After This One(2025) Generation No Surrender
0%
Cries of the Past(2000) Giving Up Hurts the Most
0%
Act of Depression(1999) Heart of Stone
0%
Erase Me(2018) Hold Your Breath
0%
They're Only Chasing Safety(2004) I Don't Feel Very Receptive Today
0%
Erase Me(2018) I Gave Up
0%
Erase Me(2018) ihateit
0%
Ø (Disambiguation)(2010) Illuminator
0%
They're Only Chasing Safety(2004) I'm Content with Losing
0%
Voyeurist(2022) I'm Pretty Sure I'm Out of Luck and Have No Friends
0%
Ø (Disambiguation)(2010) In Completion
0%
Ø (Disambiguation)(2010) In Division
0%
Erase Me(2018) In Motion
0%
Act of Depression(1999) Innocence Stolen
0%
Define the Great Line(2006) In Regards to Myself
0%
Erase Me(2018) It Has to Start Somewhere
0%
They're Only Chasing Safety(Bonus)(2004) I've Got Ten Friends and a Crowbar That Says You Ain't Gonna Do Jack
0%
Non-Album(2023) Let Go
0%
The Changing of Times(2002) Letting Go of Tonight
0%
Erase Me(Bonus)(2018) Loneliness
0%
The Place After This One(2025) Loss
0%
Define the Great Line(2006) Moving for the Sake of Motion
0%
Ø (Disambiguation)(2010) My Deteriorating Incline
0%
The Changing of Times(2002) Never Meant to Break Your Heart
0%
Erase Me(2018) No Frame
0%
Voyeurist(2022) (No Oasis)
0%
Voyeurist(2022) Numb
0%
Erase Me(2018) On My Teeth
0%
The Place After This One(2025) Outsider
0%
Ø (Disambiguation)(2010) Paper Lung
0%
Voyeurist(2022) Pneumonia
0%
Act of Depression(Hidden)(1999) Praise
0%
Erase Me(2018) Rapture
0%
Define the Great Line(2006) Returning Empty Handed
0%
Ø (Disambiguation)(2010) Reversal
0%
Define the Great Line(2006) Sálmarnir (Psalms)
0%
The Place After This One(2025) Shame
0%
The Changing of Times(2002) Short of Daybreak
0%
They're Only Chasing Safety(Bonus)(2004) Smic Tague
0%
They're Only Chasing Safety(2004) Some Will Seek Forgiveness, Others Escape
0%
The Place After This One(2025) Spinning in Place
0%
Act of Depression(1999) Spirit of a Living God
0%
Anthology: 1999–2013(2012) Sunburnt
0%
The Place After This One(2025) Survivor's Guilt
0%
Voyeurist(2022) Take a Breath
0%
The Place After This One(2025) Teeth
0%
They're Only Chasing Safety(Bonus)(2004) The 80s Song
0%
The Changing of Times(2002) The Best of Me
0%
They're Only Chasing Safety(2004) The Blue Note
0%
Lost in the Sound of Separation(2008) The Created Void
0%
They're Only Chasing Safety(2004) The Impact of Reason
0%
Lost in the Sound of Separation(2008) The Only Survivor was Miraculously Unharmed
0%
Define the Great Line(2006) There Could Be Nothing After This
0%
Voyeurist(2022) Thorn
0%
Lost in the Sound of Separation(2008) Too Bright to See Too Loud to Hear
0%
Define the Great Line(2006) To Whom It May Concern
0%
Anthology: 1999–2013(2012) Unsound
0%
Ø (Disambiguation)(2010) Vacant Mouth
0%
The Place After This One(2025) Vultures
0%
Erase Me(2018) Wake Me
0%
Cries of the Past(2000) Walking Away
0%
Act of Depression(1999) Watch Me Die
0%
Lost in the Sound of Separation(2008) We are the Involuntary
0%
Voyeurist(2022) We're All Gonna Die
0%
The Changing of Times(2002) When the Sun Sleeps
0%
Ø (Disambiguation)(2010) Who Will Guard the Guardians
0%
They're Only Chasing Safety(2004) Young and Aspiring
0%
Define the Great Line(2006) You're Ever So Inviting
0%
They're Only Chasing Safety(Bonus)(2004) You're So Intricate
0%
No matching quizzes found
Score Distribution
Percent of People with Each Score
Percentile by Number Answered
Your Score History
You have not taken this quiz since the last reset